Super corp : how vanguard companies create innovation,profits,growth and social good.

Bibliographic Details
Main Author: Kanter
Format: Book
Published: New York: Crown Business, 2001.
Subjects:
LEADER 00512cam a2200157 7i4500
001 0000026055
005 20110413090000.0
020 0 0 |a 9780307382351  
090 0 0 |a B 658.408   |b KAN 
100 1 0 |a Kanter  
245 1 0 |a Super corp :   |b how vanguard companies create innovation,profits,growth and social good. 
260 0 0 |a New York:   |b Crown Business,   |c 2001. 
300 # # |a 322p. 
650 0 0 |a Social responsibility of business  
650 0 0 |a Corporations --   |x social aspects  
999 |a B000028337  |b Book  |c Book  |e Business Information Centre